00503nam a2200193 a 4500001001300000003000900013005001700022008004100039020002300080082001600103100002400119245004000143260003200183300000900215500003500224505001000259650001600269700002400285nice12345678IN_TiNIC20260116015103.0050524s1999 laha grp 000 0 urd  a969416X c15000a922.97bKHI aKhiyal, Ghulam Nabi aIqbal Aur Tahreek-E-Azadi-E-Kashmir aLahorebIqbal Academyc1999 a244p aincludes index and biblioraphy2 aindex aKarma-Marga1 aKhiyal, Ghulam Nabi